|
|
|
|
| LEADER |
01805cam a22003258a 4500 |
| 008 |
190119b ||||| |||| 00| 0 eng d |
| 999 |
|
|
|c 149648
|d 149648
|
| 010 |
|
|
|a 2010033452
|
| 020 |
|
|
|a 9781412980340
|
| 020 |
|
|
|a 9781412980340 (pbk.)
|
| 082 |
0 |
0 |
|a 658.4/77
|2 22
|
| 245 |
0 |
0 |
|a Effective crisis communication :
|b moving from crisis to opportunity /
|c Robert R. Ulmer, Timothy L. Sellnow, Matthew W. Seeger.
|
| 250 |
|
|
|a 2nd ed.
|
| 260 |
|
|
|a Thousand Oaks :
|b SAGE,
|c c2011.
|
| 300 |
|
|
|a 239 p. :
|b ill. ;
|c 23 cm.
|
| 500 |
|
|
|a Rev. ed. of: Effective crisis communication : moving from crisis to opportunity / Robert R. Ulmer, Timothy L. Sellnow, Matthew W. Seeger. 2007.
|
| 504 |
|
|
|a Includes bibliographical references and index.
|
| 650 |
|
0 |
|a Crisis management.
|
| 650 |
|
0 |
|a Emergency management.
|
| 650 |
|
0 |
|a Communication in management.
|
| 650 |
|
0 |
|a Communication in organizations.
|
| 700 |
1 |
|
|a Sellnow, Timothy L.
|
| 700 |
1 |
|
|a Seeger, Matthew W.
|
| 700 |
1 |
|
|a Ulmer, Robert R.,
|
| 856 |
|
|
|3 View partial content
|u https://books.google.co.in/books?id=znZ3RSPzezkC&printsec=frontcover&dq=Effective+crisis+communication+moving+from+crisis+to+opportunity&hl=en&sa=X&ved=0ahUKEwiWm7uxzPnfAhWMXn0KHRpOA3YQ6AEIMjAB#v=onepage&q=Effective%20crisis%20communication%20moving%20from%20crisis%20to%20opportunity&f=false
|
| 942 |
|
|
|2 ddc
|c BK
|
| 906 |
|
|
|a 7
|b cbc
|c orignew
|d 1
|e ecip
|f 20
|g y-gencatlg
|
| 955 |
|
|
|b xj15 2010-08-17
|i xj15 2010-08-17
|a xn03 2011-12-05 1 copy rec'd., to CIP ver.
|
| 952 |
|
|
|0 0
|1 0
|4 0
|6 658_477000000000000_ULM_E
|7 0
|9 159904
|a MCJ
|b MCJ
|c REF
|d 2012-03-31
|i 2590
|l 0
|o 658.477 ULM/E
|p MCJ2590
|r 2012-06-11
|w 2012-03-31
|y REF
|
| 952 |
|
|
|0 0
|1 0
|4 0
|6 658_477000000000000_ULM_E
|7 0
|9 159905
|a MCJ
|b MCJ
|c ST1
|d 2012-04-03
|i 2554
|l 1
|m 2
|o 658.477 ULM/E
|p MCJ2554
|r 2019-01-28
|s 2019-01-19
|w 2014-06-21
|y BK
|